[Event "III Festival A"]
[Site "Bisaccia ITA"]
[Date "2011.06.05"]
[Round "6"]
[White "Santeramo, Domenico"]
[Black "Di Lascio, Savino"]
[Result "0-1"]
[WhiteElo "1994"]
[BlackElo "1976"]
[PlyCount "79"]
[EventDate "2011.06.02"]

1. e4 c6 2. d4 d5 3. Nc3 dxe4 4. Nxe4 Nf6 5. Nxf6+ gxf6 6. Bc4 Bf5 7. Ne2 e6 8.
Ng3 h6 9. O-O Bg6 10. Re1 Be7 11. c3 h5 12. f4 f5 13. Qb3 Qd7 14. Be3 h4 15.
Nf1 h3 16. a4 hxg2 17. Ng3 Bh4 18. Bf2 Kd8 19. Rad1 Kc7 20. a5 Bxg3 21. Bxg3
Bh5 22. Rd3 b5 23. axb6+ axb6 24. Qc2 Bg4 25. Qxg2 Ra5 26. Qd2 Qd6 27. b4 Ra4
28. Bb3 Ra3 29. Qb2 Ra8 30. Ra1 Nd7 31. Rxa8 Rxa8 32. Bh4 Kb7 33. Qf2 Ra1+ 34.
Kg2 c5 35. d5 cxb4 36. cxb4 Qxb4 37. dxe6 Qe4+ 38. Rf3 fxe6 39. Bxe6 Bxf3+ 40.
Qxf3 0-1

[Event "III Festival A"]
[Site "Bisaccia ITA"]
[Date "2011.06.05"]
[Round "6"]
[White "Stromboli, Carlo"]
[Black "Della Corte, Alessandro"]
[Result "1/2-1/2"]
[WhiteElo "2306"]
[BlackElo "2253"]
[PlyCount "112"]
[EventDate "2011.06.02"]

1. e4 c5 2. Nf3 d6 3. d4 cxd4 4. Nxd4 Nf6 5. Nc3 g6 6. Be3 Bg7 7. f3 O-O 8. Qd2
Nc6 9. Bc4 Bd7 10. O-O-O Rc8 11. Bb3 Ne5 12. h4 h5 13. Bg5 Rc5 14. f4 Nc4 15.
Qd3 b5 16. e5 Ng4 17. exd6 Nxd6 18. Qxg6 Nc4 19. Qxh5 Nf2 20. Bxc4 Rxc4 21.
Ndxb5 Nxh1 22. Qe2 Rc8 23. Nd5 Ng3 24. Nxe7+ Kh8 25. Qf3 Qa5 26. Rxd7 Bxb2+ 27.
Kxb2 Qxb5+ 28. Kc1 Ne2+ 29. Kd2 Qxd7+ 30. Ke1 Nxf4 31. Bf6+ Kh7 32. Qe4+ Ng6
33. h5 Qe6 34. Qxe6 fxe6 35. hxg6+ Kh6 36. g7 Rfe8 37. Nxc8 Rxc8 38. Kd2 Kg6
39. Bd4 Kf7 40. Kd3 Rd8 41. Ke4 Rc8 42. c3 a6 43. a3 Rc4 44. Kd3 Ra4 45. c4
Rxa3+ 46. Kc2 Rg3 47. c5 Rxg2+ 48. Kb3 Rg4 49. c6 Ke7 50. c7 Kd7 51. Be5 a5 52.
Ka3 a4 53. Ka2 Rg2+ 54. Ka3 Rg4 55. Ka2 Rg2+ 56. Ka3 Rg3+ 1/2-1/2

[Event "III Festival A"]
[Site "Bisaccia ITA"]
[Date "2011.06.05"]
[Round "6"]
[White "Stromboli, Ettore"]
[Black "Altini, Nicola"]
[Result "1/2-1/2"]
[WhiteElo "2297"]
[BlackElo "2206"]
[PlyCount "50"]
[EventDate "2011.06.02"]

1. e4 c5 2. b3 d6 3. Bb2 Nf6 4. d3 g6 5. Nf3 Bg7 6. Be2 Nc6 7. O-O O-O 8. Nbd2
e5 9. Re1 b5 10. Nf1 a5 11. d4 Nxd4 12. Nxd4 cxd4 13. Bxb5 Bb7 14. Nd2 Bh6 15.
Bd3 d5 16. exd5 Nxd5 17. Rxe5 Nc3 18. Bxc3 dxc3 19. Nf1 Qd6 20. Re1 Rad8 21.
Qg4 Bg7 22. Ne3 Qc5 23. Qc4 Qa7 24. Qg4 Qc5 25. Qc4 Qa7 1/2-1/2

[Event "III Festival A"]
[Site "Bisaccia ITA"]
[Date "2011.06.05"]
[Round "6"]
[White "Varvaglione, Antonio"]
[Black "Franciosi, Claudio"]
[Result "1-0"]
[WhiteElo "1932"]
[BlackElo "1710"]
[PlyCount "52"]
[EventDate "2011.06.02"]

1. e4 c5 2. Nf3 Nc6 3. d4 cxd4 4. Nxd4 Nf6 5. Nc3 e5 6. Ndb5 d6 7. Bg5 a6 8.
Na3 b5 9. Nd5 Be7 10. Bxf6 Bxf6 11. c3 Be6 12. Nc2 Bg5 13. a4 bxa4 14. Ncb4
Nxb4 15. Qxa4+ Kf8 16. Nxb4 Bd7 17. Qa5 Qxa5 18. Rxa5 Bc1 19. Bxa6 Bc8 20. Kd1
Bxa6 21. Nxa6 Bg5 22. Kc2 Bd8 23. Ra4 Bb6 24. f3 Ke7 25. Rha1 g6 26. Nb4 Rab8
1-0

[Event "III Festival A"]
[Site "Bisaccia ITA"]
[Date "2011.06.05"]
[Round "6"]
[White "Zinnai, Graziano Matteo"]
[Black "Colucci, Stefano"]
[Result "1-0"]
[WhiteElo "1836"]
[BlackElo "1925"]
[PlyCount "115"]
[EventDate "2011.06.02"]

1. e4 c5 2. Nf3 d6 3. c3 Nf6 4. d3 Nc6 5. Nbd2 e6 6. g3 Be7 7. Bg2 Bd7 8. O-O
Qc7 9. Re1 Rb8 10. Nf1 b5 11. h4 h6 12. d4 cxd4 13. cxd4 Rc8 14. Bd2 O-O 15.
N1h2 e5 16. d5 Nb8 17. Rc1 Qb7 18. Qe2 Na6 19. b4 Rxc1 20. Rxc1 Rc8 21. a3 Rc7
22. Ne1 Qc8 23. Qd1 Nb8 24. Rxc7 Qxc7 25. Qc1 Bd8 26. Qxc7 Bxc7 27. Be3 a6 28.
f4 exf4 29. gxf4 Ne8 30. Nd3 f6 31. h5 Kf7 32. Kf2 g6 33. hxg6+ Kxg6 34. Kg3 h5
35. f5+ Kh7 36. Kh4 Ng7 37. Bf3 Be8 38. Nf4 Nd7 39. Bd4 Bb6 40. Bc3 Bf2+ 41.
Kh3 Be3 42. Ne6 Nxe6 43. fxe6 Ne5 44. Bd1 Bc1 45. Nf3 Nxf3 46. Bxf3 Bxa3 47.
Kh4 Kg7 48. Bxh5 Bxh5 49. Kxh5 Bc1 50. Be1 Bb2 51. Bg3 Ba3 52. Bxd6 a5 53. bxa5
Bxd6 54. a6 Bb8 55. d6 Kf8 56. Kg6 b4 57. e7+ Ke8 58. Kxf6 1-0

[Event "III Festival A"]
[Site "Bisaccia ITA"]
[Date "2011.06.05"]
[Round "7"]
[White "Aleksic, Nenad"]
[Black "Consalvo, Gerardo"]
[Result "1/2-1/2"]
[WhiteElo "2355"]
[BlackElo "2004"]
[PlyCount "46"]
[EventDate "2011.06.02"]

1. e4 c5 2. Nf3 d6 3. d4 cxd4 4. Nxd4 Nf6 5. Nc3 g6 6. Bc4 Bg7 7. h3 O-O 8. O-O
Nc6 9. Be3 Nxd4 10. Bxd4 b5 11. Bb3 Bb7 12. Qd3 a5 13. Nd5 Nxd5 14. Bxd5 Bxd5
15. exd5 Bxd4 16. Qxd4 Qc7 17. c3 Rac8 18. Rfe1 Rfe8 19. Qd2 Qb7 20. a3 Rc4 21.
Rad1 b4 22. cxb4 axb4 23. Re3 bxa3 1/2-1/2

[Event "III Festival A"]
[Site "Bisaccia ITA"]
[Date "2011.07.20"]
[Round "7"]
[White "Altini, Daniele"]
[Black "Altini, Nicola"]
[Result "1/2-1/2"]
[WhiteElo "2256"]
[BlackElo "2206"]
[PlyCount "20"]
[EventDate "2011.06.02"]

1. d4 d5 2. Nf3 Nf6 3. Bf4 c6 4. e3 Bf5 5. Bd3 Bxd3 6. Qxd3 e6 7. Nbd2 Bd6 8.
Ne5 Qe7 9. c3 Nbd7 10. Nxd7 Qxd7 1/2-1/2

[Event "III Festival A"]
[Site "Bisaccia ITA"]
[Date "2011.06.05"]
[Round "7"]
[White "Borino, Paolo"]
[Black "Franciosi, Fausto"]
[Result "0-1"]
[WhiteElo "1913"]
[BlackElo "2054"]
[PlyCount "74"]
[EventDate "2011.06.02"]

1. f4 d5 2. Nf3 Nf6 3. b3 g6 4. Bb2 Bg7 5. e3 O-O 6. Be2 c5 7. O-O Nc6 8. Ne5
Bd7 9. Qe1 Rc8 10. Qh4 d4 11. Nxd7 Qxd7 12. Rf3 Rfd8 13. Rh3 a6 14. Na3 b5 15.
Rf1 e6 16. g4 Ne7 17. Bd3 h5 18. gxh5 Nxh5 19. e4 Nf6 20. f5 exf5 21. exf5 Nxf5
22. Qg5 Nd6 23. Qh4 Qg4+ 24. Qxg4 Nxg4 25. Be2 Ne5 26. d3 Re8 27. Bc1 Nc6 28.
Bg4 f5 29. Bf3 Nb4 30. Bf4 Nf7 31. Rg3 Re6 32. Kf2 Be5 33. Bxe5 Nxe5 34. Bd1
Nxa2 35. b4 Nc3 36. h4 Nxd1+ 37. Rxd1 Ng4+ 0-1

[Event "III Festival A"]
[Site "Bisaccia ITA"]
[Date "2011.06.05"]
[Round "7"]
[White "Buiano, Fabio"]
[Black "Cipollaro, Giovanni"]
[Result "0-1"]
[WhiteElo "2108"]
[BlackElo "1840"]
[PlyCount "44"]
[EventDate "2011.06.02"]

1. e4 d6 2. d4 Nf6 3. Nc3 e5 4. Nf3 Nbd7 5. Bc4 Be7 6. O-O O-O 7. Qe2 exd4 8.
Nxd4 Ne5 9. Bb3 c5 10. Nf5 Bxf5 11. exf5 Qd7 12. f4 Nc6 13. g4 d5 14. g5 c4 15.
gxf6 Bxf6 16. Ba4 Qxf5 17. Bxc6 bxc6 18. Rd1 Rfe8 19. Qg2 Re6 20. Nxd5 cxd5 21.
Qxd5 Re1+ 22. Kf2 Bh4+ 0-1

[Event "III Festival A"]
[Site "Bisaccia ITA"]
[Date "2011.06.05"]
[Round "7"]
[White "Colucci, Stefano"]
[Black "Coico, Pompeo"]
[Result "0-1"]
[WhiteElo "1925"]
[BlackElo "1608"]
[PlyCount "46"]
[EventDate "2011.06.02"]

1. d4 Nf6 2. c4 g6 3. Nc3 Bg7 4. e4 d6 5. f3 O-O 6. Be3 Nc6 7. Rb1 e5 8. d5 Ne7
9. b4 Ne8 10. c5 f5 11. cxd6 cxd6 12. Bd3 f4 13. Bf2 g5 14. Nge2 Rf7 15. b5 Nf6
16. Qa4 h5 17. Bxa7 b6 18. Bxb6 Qxb6 19. Qxa8 Qe3 20. b6 Kh7 21. Ba6 g4 22. Rf1
Bxa6 23. Qxa6 Nd7 0-1

[Event "III Festival A"]
[Site "Bisaccia ITA"]
[Date "2011.06.05"]
[Round "7"]
[White "Della Corte, Alessandro"]
[Black "Cocozza, Mario"]
[Result "1/2-1/2"]
[WhiteElo "2253"]
[BlackElo "2345"]
[PlyCount "59"]
[EventDate "2011.06.02"]

1. Nf3 Nf6 2. g3 g6 3. Bg2 Bg7 4. O-O O-O 5. d3 d5 6. Nbd2 Nc6 7. e4 e5 8. c3
h6 9. Qc2 Be6 10. b4 a6 11. a3 Nd7 12. Ng5 Ne7 13. Nxe6 fxe6 14. Bh3 Rf6 15. d4
exd4 16. cxd4 Nf8 17. e5 Rf7 18. f4 Nf5 19. Nf3 Nh7 20. Bd2 h5 21. Qd3 Bh6 22.
Rf2 Kh8 23. Raf1 Qe7 24. Rc1 Rg8 25. Kh1 c6 26. Rcf1 Nf8 27. a4 Nd7 28. b5 axb5
29. axb5 c5 30. Qa3 1/2-1/2

[Event "III Festival A"]
[Site "Bisaccia ITA"]
[Date "2011.06.05"]
[Round "7"]
[White "Di Rito, Giuseppe"]
[Black "Santeramo, Domenico"]
[Result "0-1"]
[WhiteElo "1693"]
[BlackElo "1994"]
[PlyCount "90"]
[EventDate "2011.06.02"]

1. e4 e6 2. d4 d5 3. Nd2 Nf6 4. e5 Nfd7 5. Bd3 c5 6. c3 Nc6 7. Ne2 f6 8. exf6
Nxf6 9. Nf3 cxd4 10. cxd4 Bd6 11. O-O O-O 12. Bd2 Qc7 13. h3 Nh5 14. Nc3 Bf4
15. Rc1 Bxd2 16. Qxd2 Nf4 17. Qe3 a6 18. Bb1 Qb6 19. b3 Qb4 20. Rfd1 Qe7 21.
Ne2 Nxe2+ 22. Qxe2 Qf6 23. Qd3 g6 24. Qe3 Bd7 25. Rc2 Rae8 26. Re2 Re7 27. Qh6
e5 28. dxe5 Nxe5 29. Nxe5 Rxe5 30. Rxe5 Qxe5 31. Qe3 Qxe3 32. fxe3 Bc6 33. Rd4
Kg7 34. Rf4 Rf6 35. Rxf6 Kxf6 36. Kf2 h6 37. g3 g5 38. a4 a5 39. h4 Ke5 40. Ke2
d4 41. exd4+ Kxd4 42. Kd2 Be4 43. Ba2 Bd5 44. Kc2 Ke3 45. hxg5 hxg5 0-1

[Event "III Festival A"]
[Site "Bisaccia ITA"]
[Date "2011.06.05"]
[Round "7"]
[White "Fezza, Davide"]
[Black "Mazza, Daniele"]
[Result "1-0"]
[WhiteElo "2141"]
[BlackElo "1823"]
[PlyCount "76"]
[EventDate "2011.06.02"]

1. e4 c5 2. Nf3 d6 3. d4 cxd4 4. Nxd4 Nf6 5. Nc3 a6 6. Bg5 e6 7. f4 Be7 8. Qf3
Nbd7 9. O-O-O O-O 10. g4 Qc7 11. h4 b5 12. Bxf6 Nxf6 13. g5 Ne8 14. a3 Bb7 15.
g6 h6 16. gxf7+ Rxf7 17. Nxe6 Qd7 18. Bh3 Qc6 19. Nd4 Qc5 20. Be6 Nf6 21. Nf5
Kf8 22. Rhg1 Nxe4 23. Nxe4 Rxf5 24. Nxc5 Bxf3 25. Nd7+ Ke8 26. Bxf5 Bxd1 27.
Kxd1 Rd8 28. Rxg7 Rxd7 29. Bxd7+ Kxd7 30. f5 Ke8 31. Rg6 Bxh4 32. Rxd6 a5 33.
Rxh6 Bd8 34. Ke2 Kf7 35. Kd3 b4 36. axb4 axb4 37. Ke4 Bf6 38. Rxf6+ Kxf6 1-0

[Event "III Festival A"]
[Site "Bisaccia ITA"]
[Date "2011.06.05"]
[Round "7"]
[White "Fiore, Antonio"]
[Black "Moscarino, Carlo"]
[Result "1-0"]
[WhiteElo "1742"]
[BlackElo "1622"]
[PlyCount "96"]
[EventDate "2011.06.02"]

1. d4 Nf6 2. c4 d6 3. Nc3 g6 4. Nf3 Bg7 5. g3 O-O 6. Bg2 Nc6 7. d5 Nb8 8. O-O
Nbd7 9. Nd4 Ne5 10. b3 a6 11. h3 h6 12. f4 Ned7 13. e4 Nh7 14. Qd3 Nc5 15. Qd2
a5 16. Bb2 Bd7 17. Rae1 Qc8 18. Kh2 e6 19. dxe6 Nxe6 20. Nd5 Re8 21. Nf3 Qd8
22. Bxg7 Nxg7 23. Nh4 c6 24. Nc3 Qc7 25. Rd1 Rad8 26. Qxd6 Qb6 27. Na4 Qe3 28.
Qc7 Nh5 29. Rf3 Qxe4 30. Rfd3 Qe6 31. Rxd7 Rxd7 32. Qxd7 N5f6 33. Qxe6 Rxe6 34.
Nf3 Re2 35. Rd2 Re7 36. Ne5 Nf8 37. Nc3 N6d7 38. Nxd7 Nxd7 39. Ne4 Kg7 40. h4
Kf8 41. Bh3 Nb6 42. Nc5 Kg7 43. Kg2 Kf8 44. Kf3 Kg7 45. Rd8 Re1 46. Rb8 Rh1 47.
Bg2 Ra1 48. Bh3 Rxa2 1-0

[Event "III Festival A"]
[Site "Bisaccia ITA"]
[Date "2011.06.05"]
[Round "7"]
[White "Fiore, Mario"]
[Black "Stromboli, Carlo"]
[Result "1/2-1/2"]
[WhiteElo "2232"]
[BlackElo "2306"]
[PlyCount "122"]
[EventDate "2011.06.02"]

1. e4 e5 2. Nf3 Nc6 3. d4 exd4 4. Nxd4 Bb4+ 5. c3 Be7 6. Nf5 Bf6 7. Bc4 Nge7 8.
Ne3 d6 9. O-O O-O 10. Na3 Re8 11. f4 Ng6 12. Bd3 Be7 13. Nd5 Bf8 14. Nb5 Nce7
15. Ndxc7 a6 16. Nxa8 axb5 17. Be3 Nd5 18. exd5 Rxe3 19. Bxg6 hxg6 20. Qd4 Qe7
21. a4 bxa4 22. Nb6 Bf5 23. c4 Re4 24. Qf2 Re2 25. Rfe1 Rxf2 26. Rxe7 Rxb2 27.
Rxb7 Bc2 28. Rb8 f5 29. c5 dxc5 30. Nd7 Rxb8 31. Nxb8 Bd6 32. Nd7 c4 33. Ne5
Bb3 34. Nxc4 Bxc4 35. Rxa4 Bxd5 36. g3 Bc6 37. Ra2 Bc5+ 38. Kf1 Be4 39. Ra5 Bb6
40. Re5 Kh7 41. h3 Kg8 42. Re7 Kf8 43. Rd7 Bc5 44. Rc7 Bd6 45. Rd7 Be7 46. h4
Bf6 47. Ra7 Kg8 48. Rc7 Kh7 49. Rc8 Ba1 50. Re8 Bc6 51. Rc8 Bb5+ 52. Kg2 Ba6
53. Rb8 Bd4 54. Rd8 Bb6 55. Rb8 Bc7 56. Re8 Bb7+ 57. Kh3 Be4 58. Rc8 Bb6 59.
Kh2 Be3 60. Re8 Bb7 61. Rd8 Bb6 1/2-1/2

[Event "III Festival A"]
[Site "Bisaccia ITA"]
[Date "2011.06.05"]
[Round "7"]
[White "Franciosi, Claudio"]
[Black "D'Aquino, Ugo"]
[Result "0-1"]
[WhiteElo "1710"]
[BlackElo "1941"]
[PlyCount "55"]
[EventDate "2011.06.02"]

1. e4 c5 2. Nf3 Nc6 3. d4 cxd4 4. Nxd4 Nf6 5. Nc3 e6 6. Bg5 Bb4 7. Nxc6 bxc6 8.
e5 Qa5 9. exf6 Bxc3+ 10. bxc3 Qxg5 11. fxg7 Qe5+ 12. Be2 Qxc3+ 13. Kf1 Qxg7 14.
f3 Rg8 15. Rg1 d5 16. Rb1 Qe5 17. g3 Rb8 18. f4 Qd6 19. Bd3 Rxb1 20. Qxb1 e5
21. Qe1 Bh3+ 22. Kf2 e4 23. Bf1 Qc5+ 24. Qe3 Qxc2+ 25. Be2 Rg4 26. Re1 Qxa2 27.
Qd4 Kd7 28. Qb4 0-1

[Event "III Festival A"]
[Site "Bisaccia ITA"]
[Date "2011.06.05"]
[Round "7"]
[White "Gromovs, Sergejs"]
[Black "Stromboli, Ettore"]
[Result "0-1"]
[WhiteElo "2311"]
[BlackElo "2297"]
[PlyCount "62"]
[EventDate "2011.06.02"]

1. d4 Nf6 2. c4 e6 3. Nf3 b6 4. a3 Ba6 5. Qb3 Be7 6. Nc3 Bb7 7. d5 c6 8. e4
cxd5 9. cxd5 exd5 10. exd5 Na6 11. Bf4 Nc5 12. Qd1 d6 13. Bb5+ Ncd7 14. Nd4 O-O
15. Nf5 a6 16. Be2 Nc5 17. O-O Re8 18. Bf3 Bf8 19. g4 Nfe4 20. Nxe4 Nxe4 21.
Qd4 Qf6 22. Rfd1 Qxd4 23. Rxd4 Nc5 24. Rad1 Ne6 25. Bxd6 Nxd4 26. Rxd4 Rad8 27.
Bc7 Bc5 28. Rd3 Rd7 29. d6 Bxf3 30. Rxf3 g6 31. b4 Bxd6 0-1

[Event "III Festival A"]
[Site "Bisaccia ITA"]
[Date "2011.06.05"]
[Round "7"]
[White "Messina, Enrico"]
[Black "Crafa, Carmine"]
[Result "1-0"]
[WhiteElo "2127"]
[BlackElo "1803"]
[PlyCount "76"]
[EventDate "2011.06.02"]

1. e4 e5 2. d4 exd4 3. Qxd4 Nc6 4. Qd3 Nf6 5. Nc3 Bb4 6. Bd2 d6 7. O-O-O O-O 8.
Qg3 Nh5 9. Qf3 Nf6 10. Qg3 Nh5 11. Qf3 Nf6 12. h3 Re8 13. Nge2 Ne5 14. Qg3 Nh5
15. Qh2 Nc4 16. Be1 Nf6 17. Ng3 Be6 18. Bd3 a5 19. Bxc4 Bxc4 20. f3 a4 21. a3
Bc5 22. Nf5 g6 23. Nh6+ Kg7 24. Bd2 Ng8 25. Ng4 b5 26. Ne3 Bd4 27. Qg3 Kh8 28.
h4 h5 29. Nxc4 bxc4 30. Bg5 Bf6 31. Nd5 Re6 32. Qf4 Rb8 33. Nxf6 Nxf6 34. e5
Kh7 35. Bxf6 Qd7 36. exd6 cxd6 37. Bc3 Rb5 38. Qxc4 Rc5 1-0

[Event "III Festival A"]
[Site "Bisaccia ITA"]
[Date "2011.06.05"]
[Round "7"]
[White "Santeramo, Alessia Carmen"]
[Black "Varvaglione, Antonio"]
[Result "0-1"]
[WhiteElo "1667"]
[BlackElo "1932"]
[PlyCount "118"]
[EventDate "2011.06.02"]

1. e4 c5 2. Nf3 d6 3. d4 cxd4 4. Nxd4 Nf6 5. Nc3 a6 6. Be2 e5 7. Nb3 Be6 8. O-O
Be7 9. Be3 O-O 10. f4 exf4 11. Bxf4 Nc6 12. Kh1 d5 13. exd5 Nxd5 14. Nxd5 Qxd5
15. Qxd5 Bxd5 16. Bf3 Bxf3 17. Rxf3 Rad8 18. h3 Nb4 19. Rf2 Bf6 20. Bd2 Nxc2
21. Rc1 Nd4 22. Nc5 Bh4 23. g3 Bxg3 24. Rg2 Nf5 25. Nxb7 Rxd2 26. Rxd2 Bf4 27.
Rcc2 Bxd2 28. Rxd2 g6 29. Rd8 Rxd8 30. Nxd8 Nd4 31. Nb7 Kf8 32. Nc5 a5 33. Nb7
Nc6 34. Nc5 Ke7 35. Kg2 f5 36. Kg3 Kd6 37. Nd3 g5 38. Ne1 Ne5 39. b3 Kd5 40. a3
Kd4 41. h4 f4+ 42. Kh3 g4+ 43. Kg2 Kc3 44. b4 axb4 45. axb4 Kxb4 46. Nc2+ Kc3
47. Na3 Kd3 48. Nb5 g3 49. h5 Ke3 50. Nc3 Kd4 51. Ne2+ Ke4 52. Nc3+ Kf5 53. Kh3
Nf3 54. Nd5 Ng5+ 55. Kg2 Kg4 56. Nf6+ Kh4 57. h6 f3+ 58. Kh1 g2+ 59. Kh2 Nh3
0-1

[Event "III Festival A"]
[Site "Bisaccia ITA"]
[Date "2011.06.05"]
[Round "7"]
[White "Sellitti, Luca"]
[Black "Altini, Ruggiero"]
[Result "1/2-1/2"]
[WhiteElo "1971"]
[BlackElo "1774"]
[PlyCount "65"]
[EventDate "2011.06.02"]

1. e4 c5 2. a3 a6 3. b4 cxb4 4. axb4 e6 5. b5 a5 6. d4 Nf6 7. e5 Nd5 8. c4 Nb4
9. Bd2 b6 10. Nf3 Bb7 11. Be2 d5 12. O-O Be7 13. Nc3 O-O 14. Be3 Nd7 15. Nd2
Rc8 16. Na4 f6 17. f4 fxe5 18. fxe5 Rxf1+ 19. Bxf1 Bg5 20. Ra3 dxc4 21. Nxc4
Bd5 22. Bxg5 Qxg5 23. Rg3 Qf4 24. Naxb6 Nxb6 25. Nxb6 Rc1 26. Nxd5 exd5 27. Rf3
Rxd1 28. Rxf4 Re1 29. b6 Nc6 30. e6 Rb1 31. Rf3 Nxd4 32. Rd3 Nxe6 33. Rxd5
1/2-1/2

[Event "III Festival A"]
[Site "Bisaccia ITA"]
[Date "2011.06.05"]
[Round "7"]
[White "Vargiu, Antonio"]
[Black "Cannavacciuolo, Domenico"]
[Result "1/2-1/2"]
[WhiteElo "1841"]
[BlackElo "1448"]
[PlyCount "126"]
[EventDate "2011.06.02"]

1. e4 e5 2. Bc4 Nc6 3. Nf3 d6 4. O-O Bg4 5. h3 h5 6. c3 Bxf3 7. Qxf3 Qf6 8. Qe2
a6 9. b4 b5 10. Bd5 Nge7 11. d3 Nxd5 12. exd5 Ne7 13. c4 bxc4 14. dxc4 g6 15.
Bb2 Bg7 16. Nd2 Nf5 17. Ne4 Qe7 18. Rfe1 Nh6 19. c5 f5 20. cxd6 cxd6 21. Nd2
Qb7 22. Qc4 Rc8 23. Qb3 O-O 24. Rac1 Nf7 25. Nf3 g5 26. Red1 Rxc1 27. Rxc1 Rc8
28. Rc6 Rxc6 29. dxc6 Qxc6 30. Nxg5 d5 31. Nf3 e4 32. Nh4 Bxb2 33. Qxb2 Qe6 34.
Qc3 Kh7 35. a4 Kh6 36. b5 axb5 37. axb5 Kg5 38. g3 Kh6 39. Qc6 Qxc6 40. bxc6
Nd6 41. c7 Kg5 42. Kf1 f4 43. Ng2 fxg3 44. fxg3 d4 45. Ke1 Kf5 46. Kf2 Kg5 47.
Ke2 Kf5 48. Ne1 Ke6 49. Ng2 Kd7 50. Nf4 Kxc7 51. Ne6+ Kd7 52. Nxd4 Ke7 53. Ke3
Kf6 54. Ne2 Ke5 55. Nf4 Nf5+ 56. Kf2 Ng7 57. Ne2 Nf5 58. Ng1 Kd4 59. g4 e3+ 60.
Kf3 hxg4+ 61. hxg4 Nh4+ 62. Ke2 Ke4 63. Nh3 Nf5 1/2-1/2

[Event "III Festival A"]
[Site "Bisaccia ITA"]
[Date "2011.06.05"]
[Round "7"]
[White "Vena, Alessio"]
[Black "Festa, Salvatore"]
[Result "1/2-1/2"]
[WhiteElo "1899"]
[BlackElo "1650"]
[PlyCount "22"]
[EventDate "2011.06.02"]

1. e4 c6 2. d4 d5 3. exd5 cxd5 4. Nf3 Nf6 5. c4 e6 6. Nc3 a6 7. Qb3 Nc6 8. cxd5
exd5 9. h3 h6 10. Bd3 Be7 11. O-O O-O 1/2-1/2

[Event "III Festival A"]
[Site "Bisaccia ITA"]
[Date "2011.06.05"]
[Round "7"]
[White "Vena, Antonio"]
[Black "Zinnai, Graziano Matteo"]
[Result "0-1"]
[WhiteElo "1774"]
[BlackElo "1836"]
[PlyCount "52"]
[EventDate "2011.06.02"]

1. e4 c6 2. d3 d5 3. Nd2 e5 4. Ngf3 Bd6 5. g3 Nf6 6. Bg2 O-O 7. O-O Bg4 8. h3
Bh5 9. c3 Nbd7 10. b3 Qc7 11. Bb2 Nc5 12. Qc2 b5 13. a4 a6 14. axb5 axb5 15. b4
Ncd7 16. Qb3 Qb7 17. Nh4 Be2 18. Rfe1 Bxd3 19. Nf5 Qc7 20. Nxd6 Qxd6 21. exd5
cxd5 22. Rac1 Nb6 23. c4 Nxc4 24. Nxc4 Bxc4 25. Bxe5 Qxe5 26. Qxc4 Qxe1+ 0-1